00527nam a2200169 i 450000100060000000300090000600500170001500700030003200800410003510000200007624500820009626000540017830000280023249000370026083000370029785200230033445933ES-MaACL20230906161313.0t|030327s1926 sp ||||1| spa d1 aConde, Félix.10aManual teórico práctico de tecnología mecánica / cpor Félix Conde. aBarcelona : bSarriá, c1926 (fTip. Salesiana) a2 v. : bil. ; c21 cm.1 aBiblioteca profesional salesiana0 aBiblioteca profesional salesiana aES-MaACLjA-589-90